Balance of Payments Statistics Yearbook 2001 Part 2: World and Regional Tables
Enregistré dans:
| Format: | Livre |
|---|---|
| Langue: | anglais |
| Publié: |
Washington
International Monetary Fund
2001
|
| Sujets: | |
| Tags: |
Pas de tags, Soyez le premier à ajouter un tag!
|
MARC
| LEADER | 00000nam a2200000 4500 | ||
|---|---|---|---|
| 001 | c136997 | ||
| 005 | 20251103105747.4 | ||
| 020 | |a 1-58906-052-0 | ||
| 022 | |a 0252-3035 | ||
| 041 | 0 | |a eng | |
| 044 | |a US | ||
| 245 | 1 | 0 | |a Balance of Payments Statistics Yearbook 2001 |b Part 2: World and Regional Tables |
| 264 | 1 | |a Washington |b International Monetary Fund |c 2001 | |
| 300 | |a 374 s. | ||
| 610 | 2 | 0 | |a bilancia platobná |
| 610 | 2 | 0 | |a Medzinárodný menový fond |